00497nam a22001577a 450000500170000000800410001702000180005804100080007608200170008410000170010124500520011826000470017030000220021765000840023970000160032320250417095723.0250405b |||||||| |||| 00| 0 eng d a9781787154087 aeng a 371.334 LIN aLinder, Toni aEthics of Artificial Intelligence In Education  aUkbKruger Brentt Publishers UK Ltd.c2025 a289; .pages 25 cm aArtificial Intelligence Educational Applications; Computer assisted instruction aSmith, Ann